| 000 | 00380nam a22001457a 4500 | ||
|---|---|---|---|
| 999 |
_c7869 _d7869 |
||
| 003 | OSt | ||
| 005 | 20200527133216.0 | ||
| 008 | 200527b ||||| |||| 00| 0 eng d | ||
| 020 | _a9780982622629 | ||
| 082 |
_a720.92 _bESK |
||
| 100 | _aEskew+Dumez+Ripple | ||
| 245 | _aBuilding community : the work of Eskew+Dumez+Ripple | ||
| 260 |
_aUSA _bORO editions _cMay 10, 2011 |
||
| 942 | _2ddc | ||